Hybrid Control Structures of Complex Dynamic Systems /

Na minha lista:
Detalhes bibliográficos
Main Authors: Krasňanský, Róbert, 1987- (Author), Kozáková, Alena, 1960- (Author)
Outros Autores: Rohaľ-Ilkiv, Boris, 1949- (Reviewer), Ševčík, Peter (Reviewer)
Formato: Livro
Idioma:inglês
Publicado em: Bratislava : Slovak Chemistry Library, 2016
Edição:1. ed.
Tags: Adicionar Tag
Sem tags, seja o primeiro a adicionar uma tag!

MARC

LEADER 00000nam a22000003a 4500
001 0017586
003 SK-STU
005 20230511095831.3
007 ta
008 161003s ----xo-----e------000-0-----d
020 |a 978-80-89597-39-0 
040 |a STU  |b slo 
041 0 |a eng 
080 |a 681.3 
100 1 |a Krasňanský, Róbert,  |d 1987-  |4 aut  |9 50  |X 35256  |7 A000035256 
245 1 0 |a Hybrid Control Structures of Complex Dynamic Systems /  |c aut. Róbert Krasňanský, Alena Kozáková ; rec. Boris Rohaľ-Ilkiv, Peter Ševčík 
250 |a 1. ed. 
260 |a Bratislava :  |b Slovak Chemistry Library,  |c 2016 
300 |a 134 s. 
700 1 |a Kozáková, Alena,  |d 1960-  |u 030400  |r Z1  |4 aut  |9 50  |U FEI Fakulta elektrotechniky a informatiky  |T FEI Ústav automobilovej mechatroniky  |X 4939  |U E400  |Y 642  |7 A000004939 
700 1 |a Rohaľ-Ilkiv, Boris,  |d 1949-  |u 020020  |r Z1  |4 rev  |U SjF Strojnícka fakulta  |T SjF Ústav automatizácie, merania a aplikovanej informatiky  |X 2463  |U J0020  |Y 802  |7 A000002463 
700 1 |a Ševčík, Peter  |4 rev 
996 |b 284EK89716  |c E*89716  |l EE0101  |s P  |a 0  |w 0017586_0001 
996 |b 284EK89717  |c E*89717  |l EE01  |s A  |a 24  |w 0017586_0002